000 00612nam a2200229Ia 4500
003 OSt
005 20221005131110.0
006 a|||||r|||| 00| 0
007 ta
008 221004b |||||||| |||| 00| 0 eng d
024 _a38938
037 _cTextual
040 _aCRL
_cCRL
_beng
041 _2eng
_aeng
082 _aO:3L75:2z62, H9
100 _aAusten Jane
245 0 _aSense and sensibility
_b A play in three acts adapted by Jonquil Antony
260 _c1949
650 _aENGLISH LITERATURE
942 _hO:3L75:2z62, H9
_cTEXL
_2cc
999 _c1059318
_d1059318